[Event "TCh-RUS Premier 2019"]
[Site "Sochi RUS"]
[Date "2019.05.02"]
[Round "2.5"]
[Board "3"]
[White "Yuffa, Daniil"]
[Black "Vlasenko, Miroslav"]
[Result "1/2-1/2"]
[WhiteTitle "GM"]
[BlackTitle "IM"]
[WhiteElo "2595"]
[BlackElo "2424"]
[WhiteTeam "Molodezhka (Tyumen region)"]
[BlackTeam "Muzhskoe Dvizhenie (St. Petersburg)"]
[WhiteFideId "24131423"]
[BlackFideId "4151887"]
[EventDate "2019.05.01"]

1. d4 d5 2. c4 dxc4 3. e3 b5 4. a4 b4 5. Qf3 c6 6. Bxc4 e6 7. Ne2 Nf6 8. O-O Bb7
9. Nd2 Qc7 10. Qg3 Qxg3 11. hxg3 a5 12. e4 Nbd7 13. f3 Be7 14. Nb3 O-O 15. Be3
Bd8 16. g4 Bb6 17. Kf2 e5 18. Rac1 exd4 19. Bxd4 c5 20. Be3 Bc6 21. Nf4 Ne5 22.
Bxc5 Nxc4 23. Rxc4 Bxa4 24. Nd4 Rfc8 25. Rfc1 Nd7 26. Bxb6 Nxb6 27. Rxc8+ Rxc8
28. Ra1 Ra8 29. Nd5 Nxd5 30. exd5 Bd7 31. Nb3 a4 32. Nc5 Bb5 33. d6 Kf8 34. Ke3
a3 35. Kd4 g6 36. Rb1 a2 37. Ra1 Ra7 38. b3 h6 39. Ne4 Bd7 40. Kc5 Be6 41. Nd2
Ke8 42. Kxb4 Kd7 43. Nc4 Bxc4 44. Kxc4 Kxd6 45. Kc3 f5 46. gxf5 gxf5 47. Kb2 Rg7
48. Rd1+ Kc5 49. Rd2 Ra7 50. Rc2+ Kb5 51. Rc1 Re7 52. Rc2 Ra7 53. Ka1 Ra3 54.
Re2 Rxb3 55. Re5+ Kc4 56. Rxf5 Re3 57. Kxa2 1/2-1/2

[Event "TCh-RUS Premier 2019"]
[Site "Sochi RUS"]
[Date "2019.05.02"]
[Round "2.5"]
[Board "6"]
[White "Ionov, Sergey"]
[Black "Kryakvin, Dmitry"]
[Result "1/2-1/2"]
[WhiteTitle "GM"]
[BlackTitle "GM"]
[WhiteElo "2530"]
[BlackElo "2588"]
[WhiteTeam "Muzhskoe Dvizhenie (St. Petersburg)"]
[BlackTeam "Molodezhka (Tyumen region)"]
[WhiteFideId "4100875"]
[BlackFideId "4153278"]
[EventDate "2019.05.01"]

1. d4 e6 2. Bf4 Nf6 3. e3 c5 4. c3 cxd4 5. exd4 b6 6. Nf3 Be7 7. h3 O-O 8. a4
Ba6 9. Bb5 Nd5 10. Bh2 Nc7 11. Bxa6 Nbxa6 12. Na3 d6 13. O-O Qd7 14. Nc4 Nd5 15.
Qe2 Nac7 16. Ne3 a6 17. c4 Nxe3 18. Qxe3 b5 19. axb5 axb5 20. b3 Rfc8 21. Nd2 h6
22. Qd3 Qc6 23. Bf4 Bf8 24. Rfe1 bxc4 25. bxc4 Kh8 26. Reb1 Ra4 27. Rxa4 Qxa4
28. Qb3 Qxb3 29. Rxb3 Kg8 30. Kf1 f5 31. f3 g6 32. Rb6 Ne8 33. Ke2 Bg7 34. Be3
Kf7 35. Kd3 Ke7 36. Nb3 Rd8 37. Na5 Ra8 38. Bd2 Kd7 39. Bb4 Bf8 40. Bc3 Nc7 41.
Rb7 1/2-1/2

[Event "TCh-RUS Premier 2019"]
[Site "Sochi RUS"]
[Date "2019.05.03"]
[Round "3.1"]
[Board "1"]
[White "Schekachikhin, Maksim"]
[Black "Lobanov, Sergei"]
[Result "0-1"]
[WhiteTitle "IM"]
[BlackTitle "IM"]
[WhiteElo "2424"]
[BlackElo "2513"]
[WhiteTeam "Muzhskoe Dvizhenie (St. Petersburg)"]
[BlackTeam "SShOR (St. Petersburg)"]
[WhiteFideId "24177830"]
[BlackFideId "24183750"]
[EventDate "2019.05.01"]

1. d4 d5 2. c4 e6 3. Nf3 Nf6 4. Nc3 a6 5. cxd5 exd5 6. Bg5 Be6 7. e3 Nbd7 8. Bd3
Bd6 9. Qc2 h6 10. Bh4 O-O 11. O-O c6 12. Rfe1 Qc7 13. Bg3 Bxg3 14. hxg3 Ng4 15.
Ne2 Ndf6 16. Nf4 Bd7 17. Bf5 Bxf5 18. Qxf5 Rae8 19. Nh5 Nxh5 20. Qxg4 Nf6 21.
Qf4 Qd7 22. Ne5 Qe6 23. Nd3 Ne4 24. Nc5 Nxc5 25. dxc5 f5 26. Qd4 Qg6 27. Qb4 Rf7
28. Rad1 Re4 29. Rd4 h5 30. Qb6 Qf6 31. Red1 g5 32. Qb3 Qe7 33. Qc2 g4 34. b4 h4
35. Rxe4 fxe4 36. Qe2 Qg5 37. gxh4 Qxh4 38. g3 Qh5 39. Qf1 Rh7 40. Qg2 Qe5 41.
Rd4 Qh8 42. a3 Kf7 43. Rd1 Ke6 44. Rd4 Kf5 45. a4 Kg6 46. a5 Kf5 47. Rd1 Rh6 48.
Rd4 Rh3 49. Rd1 Qb2 50. Qf1 Qxb4 51. Qe2 Qc3 52. Rd4 Qxa5 53. Qd1 Qxc5 54. Qb3
Rh7 55. Kg2 Qd6 56. Qb6 Qh6 0-1

[Event "TCh-RUS Premier 2019"]
[Site "Sochi RUS"]
[Date "2019.05.03"]
[Round "3.1"]
[Board "3"]
[White "Vlasenko, Miroslav"]
[Black "Pershin, Denis"]
[Result "1/2-1/2"]
[WhiteTitle "IM"]
[WhiteElo "2424"]
[BlackElo "2409"]
[WhiteTeam "Muzhskoe Dvizhenie (St. Petersburg)"]
[BlackTeam "SShOR (St. Petersburg)"]
[WhiteFideId "4151887"]
[BlackFideId "24165506"]
[EventDate "2019.05.01"]

1. d4 d5 2. c4 c6 3. Nf3 Nf6 4. Qc2 g6 5. cxd5 cxd5 6. Nc3 Nc6 7. Bf4 Bg7 8. e3
O-O 9. Bb5 Bf5 10. Qe2 Nb4 11. Rd1 Qa5 12. a3 Na2 13. Bc7 Qxc7 14. Nxa2 Qa5+ 15.
Nb4 Rac8 16. O-O Rc7 17. Ne5 a6 18. Bd3 Bxd3 19. Nexd3 e6 20. Nc5 Rfc8 21. Rc1
b6 22. Nb3 Qa4 23. Rxc7 Rxc7 24. Nc1 a5 25. Qa6 Nd7 26. Nba2 Rc2 27. Nc3 Qc6 28.
Nd3 Bf8 29. a4 Qc4 30. Qb5 Rd2 31. Qxd7 Qxd3 32. g3 Rxb2 33. Nb5 Qf5 34. Qd8 Qc2
35. Nc7 Qxa4 36. Ne8 Qb4 37. Nf6+ Kg7 38. Rc1 Qe7 39. Ne8+ Kg8 40. Qb8 Qg5 41.
h4 Qf5 42. Rf1 h5 43. Qd8 Rb1 44. e4 Rxf1+ 45. Kxf1 dxe4 46. Nf6+ Kg7 47. Ne8+
Kg8 48. Nf6+ Kg7 1/2-1/2

[Event "TCh-RUS Premier 2019"]
[Site "Sochi RUS"]
[Date "2019.05.03"]
[Round "3.1"]
[Board "4"]
[White "Shubin, Kirill"]
[Black "Lintchevski, Daniil"]
[Result "1/2-1/2"]
[WhiteTitle "FM"]
[BlackTitle "GM"]
[WhiteElo "2404"]
[BlackElo "2525"]
[WhiteTeam "SShOR (St. Petersburg)"]
[BlackTeam "Muzhskoe Dvizhenie (St. Petersburg)"]
[WhiteFideId "34119962"]
[BlackFideId "4171055"]
[EventDate "2019.05.01"]

1. e4 c5 2. Nf3 g6 3. d4 cxd4 4. Nxd4 Nc6 5. Nc3 Bg7 6. Be3 Nf6 7. Be2 O-O 8.
O-O d5 9. exd5 Nxd5 10. Nxd5 Qxd5 11. Bf3 Qa5 12. Bxc6 bxc6 13. c3 Qd5 14. Qa4
Bb7 15. Nb3 c5 16. f3 Bc6 17. Qa3 c4 18. Na5 Rfb8 19. Rad1 Qb5 20. Qc5 Qxc5 21.
Bxc5 Ba4 22. Rd2 Rb5 23. Bb4 Rxb4 24. cxb4 c3 25. bxc3 Bxc3 26. Rd5 e6 27. Rc1
exd5 28. Rxc3 d4 29. Rd3 Rc8 30. Rxd4 Rc1+ 31. Kf2 Rc2+ 32. Kg3 Rxa2 33. Nc4 Bb5
34. h4 Bxc4 35. Rxc4 h5 36. Rc7 Rb2 37. Rxa7 Rxb4 38. Kh3 Kg7 39. Ra6 Rc4 40.
Rb6 Rd4 41. Ra6 1/2-1/2

[Event "TCh-RUS Premier 2019"]
[Site "Sochi RUS"]
[Date "2019.05.03"]
[Round "3.2"]
[Board "1"]
[White "Inarkiev, Ernesto"]
[Black "Potkin, Vladimir"]
[Result "1-0"]
[WhiteTitle "GM"]
[BlackTitle "GM"]
[WhiteElo "2691"]
[BlackElo "2590"]
[WhiteTeam "ShSM Legacy Square Capital (Moscow)"]
[BlackTeam "Molodezhka (Tyumen region)"]
[WhiteFideId "4162722"]
[BlackFideId "4131061"]
[EventDate "2019.05.01"]

1. e4 e5 2. Nf3 Nc6 3. Bb5 Nf6 4. O-O Nxe4 5. d4 Nd6 6. dxe5 Nxb5 7. a4 Nbd4 8.
Nxd4 d6 9. Nxc6 bxc6 10. Re1 Be7 11. exd6 Qxd6 12. Qe2 Be6 13. Nd2 O-O 14. Nc4
Qd4 15. Ne5 Bd6 16. Nxc6 Qh4 17. Ne5 Rfe8 18. Nf3 Qh5 19. Bd2 h6 20. Qb5 c5 21.
Bc3 Red8 22. Be5 Rab8 23. Qa5 Bd5 24. Rad1 Bxf3 25. Rxd6 Re8 26. Bg3 Be4 27. Rd2
Bc6 28. Rxe8+ Rxe8 29. h4 Qg4 30. Kh2 g5 31. f3 Qxa4 32. Qxc5 gxh4 33. Bd6 Qb5
34. c4 Qxc5 35. Bxc5 a5 36. b3 Re1 37. Rd6 Re6 38. Rd8+ Re8 39. Rd2 Re1 40. Bb6
Rb1 41. Rd6 Bb7 42. Rd8+ Kh7 43. Rd7 Bc8 44. Rxf7+ Kg6 45. Rf8 Rxb3 46. Bxa5 Be6
47. c5 Rb5 48. Bd8 Bf7 49. Be7 Rb4 50. Rd8 Be6 51. Rd6 Kf7 52. Bd8 Rc4 53. c6 h5
54. Bg5 h3 55. gxh3 h4 56. Kg2 Rc2+ 57. Bd2 Ke7 58. Rd4 Rxc6 59. Rxh4 Rc2 60.
Rd4 Rc4 61. Bg5+ Kf7 62. Rd6 Rc2+ 63. Kg3 Re2 64. h4 Kg6 65. Kf4 Re1 66. Rd8 Bf7
67. Rb8 Re2 68. Rb6+ Be6 69. Bd8 Re1 70. Ra6 Re2 71. Ba5 Kh5 72. Bc3 Bf7 73. Be5
Ra2 74. Rf6 Bg6 75. Rf8 Ra7 76. Kg3 Rf7 77. Rg8 Re7 78. Bf4 Re8 79. Rg7 Rf8 80.
Rb7 Rf7 81. Rb8 Bd3 82. Rb6 Bg6 83. Bg5 Rf8 84. Bf6 Bd3 85. Bg7 1-0

[Event "TCh-RUS Premier 2019"]
[Site "Sochi RUS"]
[Date "2019.05.03"]
[Round "3.2"]
[Board "2"]
[White "Chigaev, Maksim"]
[Black "Malakhov, Vladimir"]
[Result "1/2-1/2"]
[WhiteTitle "GM"]
[BlackTitle "GM"]
[WhiteElo "2637"]
[BlackElo "2660"]
[WhiteTeam "Molodezhka (Tyumen region)"]
[BlackTeam "ShSM Legacy Square Capital (Moscow)"]
[WhiteFideId "4108116"]
[BlackFideId "4120787"]
[EventDate "2019.05.01"]

1. e4 e5 2. Nf3 Nc6 3. d4 exd4 4. Nxd4 Bc5 5. Nb3 Bb6 6. Nc3 Nf6 7. Bg5 h6 8.
Bh4 d6 9. f3 g5 10. Bg3 a6 11. Qd2 Qe7 12. O-O-O Be6 13. Na4 Ba7 14. Na5 Nxa5
15. Qxa5 Nh5 16. Be1 Nf4 17. g3 Ng6 18. Nc3 Ne5 19. Nd5 Bxd5 20. Qxd5 O-O-O 21.
Kb1 Kb8 22. Be2 Rhe8 23. Bc3 Bb6 24. Rhf1 c6 25. Qb3 Ka7 26. a4 Qe6 27. Qxe6
Rxe6 28. b3 h5 29. h3 Rh6 30. f4 gxf4 31. gxf4 Nd7 32. Bc4 Nf6 33. a5 Bc7 34. e5
Ne4 35. Bd4+ c5 36. Bb2 Bxa5 37. Bxf7 dxe5 38. fxe5 Nd2+ 39. Rxd2 Bxd2 40. h4 c4
41. e6 Bb4 42. Bc1 Rh7 43. Bg5 Rc8 44. bxc4 Rc7 45. Bf6 Be7 46. Bd4+ b6 47. Be5
Rc5 48. Bh2 Rh8 49. Bg6 1/2-1/2

[Event "TCh-RUS Premier 2019"]
[Site "Sochi RUS"]
[Date "2019.05.03"]
[Round "3.2"]
[Board "3"]
[White "Dreev, Aleksey"]
[Black "Paravyan, David"]
[Result "1-0"]
[WhiteTitle "GM"]
[BlackTitle "GM"]
[WhiteElo "2662"]
[BlackElo "2610"]
[WhiteTeam "ShSM Legacy Square Capital (Moscow)"]
[BlackTeam "Molodezhka (Tyumen region)"]
[WhiteFideId "4100107"]
[BlackFideId "4194985"]
[EventDate "2019.05.01"]

1. d4 Nf6 2. Nf3 g6 3. g3 d5 4. Bg2 Bg7 5. O-O O-O 6. c4 c6 7. Qb3 a5 8. Bf4 a4
9. Qb4 dxc4 10. Qxc4 Bf5 11. Rd1 Qa5 12. Ne5 Nfd7 13. Nf3 Na6 14. Qc1 b5 15. Bh6
Rac8 16. Bxg7 Kxg7 17. a3 c5 18. d5 b4 19. Nbd2 c4 20. Nd4 c3 21. Nxf5+ gxf5 22.
axb4 Qxb4 23. bxc3 Rxc3 24. Qb1 Qxb1 25. Nxb1 Rc4 26. Na3 Rc5 27. d6 e5 28. Bh3
e4 29. Rd4 Ra8 30. Nc4 Nab8 31. Ne3 a3 32. Bxf5 Nc6 33. Rd2 Nf6 34. d7 Kf8 35.
g4 h6 36. h4 Ke7 37. Kf1 Ra7 38. Rda2 Rca5 39. Nc4 Rc5 40. Nb6 Ra6 41. Nc8+ Kf8
42. Rxa3 Rxa3 43. Rxa3 h5 44. Ra8 Nd8 45. Nd6 Ke7 46. Rxd8 1-0

[Event "TCh-RUS Premier 2019"]
[Site "Sochi RUS"]
[Date "2019.05.03"]
[Round "3.2"]
[Board "4"]
[White "Esipenko, Andrey"]
[Black "Zvjaginsev, Vadim"]
[Result "1/2-1/2"]
[WhiteTitle "GM"]
[BlackTitle "GM"]
[WhiteElo "2620"]
[BlackElo "2635"]
[WhiteTeam "Molodezhka (Tyumen region)"]
[BlackTeam "ShSM Legacy Square Capital (Moscow)"]
[WhiteFideId "24175439"]
[BlackFideId "4113403"]
[EventDate "2019.05.01"]

1. d4 d5 2. c4 c6 3. Nf3 Nf6 4. Nc3 e6 5. Bg5 h6 6. Bxf6 Qxf6 7. e3 Bb4 8. Be2
O-O 9. O-O Nd7 10. Qc2 Qe7 11. a3 Bxc3 12. Qxc3 dxc4 13. Qxc4 e5 14. Qc2 exd4
15. Nxd4 Nf6 16. Rfd1 c5 17. Nf5 Bxf5 18. Qxf5 Rad8 19. Bc4 Rd6 20. Rxd6 Qxd6
21. Qf3 Qc7 22. Rd1 Rb8 23. Qe2 a6 24. Qd2 b5 25. Be2 c4 26. Qd4 Rb6 27. Qd8+
Qxd8 28. Rxd8+ Kh7 29. f3 g5 30. Kf2 Kg7 31. Ke1 Re6 32. Kd2 Ne8 33. e4 Kf8 34.
Rb8 Ke7 35. Rb7+ Kf8 36. Rb8 Ke7 37. Rb7+ Kf8 38. Bd1 Nd6 39. Ra7 f5 40. Bc2
fxe4 41. Bxe4 Nxe4+ 42. fxe4 Rxe4 43. Rxa6 Rd4+ 44. Kc3 Rd3+ 45. Kc2 Kg7 46. Re6
Rd5 47. Kc3 Rd3+ 48. Kc2 Rd5 49. Kc3 1/2-1/2

[Event "TCh-RUS Premier 2019"]
[Site "Sochi RUS"]
[Date "2019.05.03"]
[Round "3.2"]
[Board "5"]
[White "Kobalia, Mikhail"]
[Black "Antipov, Mikhail Al."]
[Result "1-0"]
[WhiteTitle "GM"]
[BlackTitle "GM"]
[WhiteElo "2610"]
[BlackElo "2595"]
[WhiteTeam "ShSM Legacy Square Capital (Moscow)"]
[BlackTeam "Molodezhka (Tyumen region)"]
[WhiteFideId "4119150"]
[BlackFideId "4107012"]
[EventDate "2019.05.01"]

1. e4 e6 2. d4 d5 3. Nc3 h6 4. Nf3 Nf6 5. Bd3 Bb4 6. exd5 exd5 7. O-O O-O 8. h3
Re8 9. Re1 Rxe1+ 10. Qxe1 c6 11. Bf4 Na6 12. a3 Bf8 13. Ne2 Nc7 14. Ne5 Nce8 15.
c3 Nd6 16. Ng3 Qb6 17. Qe2 Nfe4 18. Re1 Be6 19. Nh5 Re8 20. f3 f6 21. fxe4 dxe4
22. Bxe4 Nxe4 23. Qxe4 Bf7 24. Nxf6+ gxf6 25. Re3 1-0

[Event "TCh-RUS Premier 2019"]
[Site "Sochi RUS"]
[Date "2019.05.03"]
[Round "3.3"]
[Board "3"]
[White "Geller, Jakov"]
[Black "Rodshtein, Maxim"]
[Result "1-0"]
[WhiteTitle "GM"]
[BlackTitle "GM"]
[WhiteElo "2518"]
[BlackElo "2699"]
[WhiteTeam "Moskovskaya oblast"]
[BlackTeam "Mednyi vsadnik (St. Petersburg)"]
[WhiteFideId "4151984"]
[BlackFideId "2806851"]
[EventDate "2019.05.01"]

1. e4 c5 2. Nf3 d6 3. Bb5+ Nd7 4. c3 Nf6 5. Qe2 a6 6. Ba4 g6 7. O-O Bg7 8. d4
cxd4 9. cxd4 O-O 10. Bb3 e5 11. dxe5 dxe5 12. Rd1 Qe7 13. Nc3 Nc5 14. Bd5 Bd7
15. Bg5 Rab8 16. Bc4 Bc6 17. Nd5 Bxd5 18. Rxd5 b5 19. Bb3 Qa7 20. Bxf6 Bxf6 21.
Qe3 Rbc8 22. Nxe5 Qe7 23. Nxf7 Nxb3 24. Nh6+ Kh8 25. axb3 Bxb2 26. Rad1 Bg7 27.
Rd7 Qe6 28. R1d6 Qe5 29. g3 Rc3 30. Qd2 Rcf3 31. Ng4 Qa1+ 32. Kg2 Rxb3 33. e5
Rb2 34. Qe3 Rg8 35. Rxg7 Rxg7 36. Rd8+ Rg8 37. Qg5 1-0

[Event "TCh-RUS Premier 2019"]
[Site "Sochi RUS"]
[Date "2019.05.03"]
[Round "3.3"]
[Board "4"]
[White "Najer, Evgeniy"]
[Black "Chernobay, Artem"]
[Result "1/2-1/2"]
[WhiteTitle "GM"]
[BlackTitle "GM"]
[WhiteElo "2674"]
[BlackElo "2503"]
[WhiteTeam "Mednyi vsadnik (St. Petersburg)"]
[BlackTeam "Moskovskaya oblast"]
[WhiteFideId "4118987"]
[BlackFideId "4167406"]
[EventDate "2019.05.01"]

1. d4 Nf6 2. c4 g6 3. Nc3 Bg7 4. e4 d6 5. Be2 O-O 6. Be3 c5 7. d5 e6 8. Nf3 exd5
9. cxd5 Bg4 10. Nd2 Bxe2 11. Qxe2 Re8 12. O-O a6 13. a4 Nbd7 14. Bf4 Ne5 15. a5
Nh5 16. Be3 Qh4 17. g3 Qh3 18. f3 f5 19. Rab1 Rab8 20. Qg2 Qxg2+ 21. Kxg2 b5 22.
axb6 Rxb6 23. Rfd1 Reb8 24. b3 Nxf3 25. Kxf3 Bxc3 26. Nc4 fxe4+ 27. Kxe4 Rb4 28.
Kf3 Bg7 29. Nxd6 Rxb3 30. Rxb3 Rxb3 31. Nc4 Rc3 32. d6 Nf6 33. d7 Nxd7 34. Rxd7
Rxc4 35. Rd8+ Kf7 36. Rd7+ Kf6 37. g4 Bf8 38. Ra7 Ra4 39. Rxh7 Bd6 40. h4 c4 41.
Ke4 Ke6 42. Rh6 c3+ 43. Kd3 Rxg4 44. h5 Be5 45. Rxg6+ Rxg6 46. hxg6 Kf6 47. Bb6
Kxg6 48. Ba5 Kf5 49. Bxc3 Bxc3 1/2-1/2

[Event "TCh-RUS Premier 2019"]
[Site "Sochi RUS"]
[Date "2019.05.03"]
[Round "3.3"]
[Board "5"]
[White "Ofitserian, Boris"]
[Black "Ponkratov, Pavel"]
[Result "0-1"]
[WhiteTitle "FM"]
[BlackTitle "GM"]
[WhiteElo "2413"]
[BlackElo "2640"]
[WhiteTeam "Moskovskaya oblast"]
[BlackTeam "Mednyi vsadnik (St. Petersburg)"]
[WhiteFideId "24199443"]
[BlackFideId "4157800"]
[EventDate "2019.05.01"]

1. Nf3 Nf6 2. b3 g6 3. Bb2 Bg7 4. d4 O-O 5. g3 c5 6. Bg2 cxd4 7. O-O d5 8. Bxd4
Nc6 9. Bb2 Qc7 10. Na3 e5 11. c4 Rd8 12. cxd5 Nxd5 13. Qc1 e4 14. Nd2 f5 15.
Ndc4 Be6 16. Nb5 Qe7 17. Rd1 Rac8 18. Bxg7 Qxg7 19. Qa3 a6 20. Nbd6 Nc3 21. Re1
Nxe2+ 22. Kf1 Rc7 23. Kxe2 Nd4+ 24. Kf1 Nc2 25. Qa5 Nxa1 26. Nxb7 Bxc4+ 27. bxc4
Rdd7 28. c5 Nc2 0-1

[Event "TCh-RUS Premier 2019"]
[Site "Sochi RUS"]
[Date "2019.05.03"]
[Round "3.4"]
[Board "3"]
[White "Timofeev, Artyom"]
[Black "Sarana, Alexey"]
[Result "1/2-1/2"]
[WhiteTitle "GM"]
[BlackTitle "GM"]
[WhiteElo "2602"]
[BlackElo "2636"]
[WhiteTeam "Ladia (Republic of Tatarstan)"]
[BlackTeam "HQ Sima-land (Sverdlovsk region)"]
[WhiteFideId "4140419"]
[BlackFideId "24133795"]
[EventDate "2019.05.01"]

1. e4 c5 2. Nf3 d6 3. g3 Nf6 4. d3 g6 5. Bg2 Bg7 6. O-O O-O 7. Nc3 Nc6 8. h3 e5
9. a4 Nd4 10. Nb5 Nxb5 11. axb5 Bd7 12. c4 a6 13. bxa6 Qb6 14. b4 Qxb4 15. Bd2
Qb6 16. axb7 Qxb7 17. Qc2 Bc6 18. Bc3 Nd7 19. Rfb1 Rxa1 20. Rxa1 Rb8 21. Nd2 Nf8
22. Rb1 Qc7 23. Rxb8 Qxb8 24. Nf1 Bh6 25. Qb2 Qa8 26. Qa1 Qxa1 27. Bxa1 Ne6 28.
Ne3 Nd4 29. Bxd4 cxd4 30. Nd5 Bg5 31. h4 Bd8 32. Bh3 Kg7 33. Kf1 h5 34. Ke2 f6
35. Be6 Be8 36. f4 Bc6 37. Nb4 Ba4 38. f5 g5 39. Bc8 Ba5 40. Nd5 g4 41. Ba6 Bc6
42. Ne7 Be8 43. Bb5 Bf7 44. Nd5 Bxd5 45. cxd5 1/2-1/2

[Event "TCh-RUS Premier 2019"]
[Site "Sochi RUS"]
[Date "2019.05.03"]
[Round "3.4"]
[Board "4"]
[White "Oparin, Grigoriy"]
[Black "Faizrakhmanov, Ramil"]
[Result "1-0"]
[WhiteTitle "GM"]
[BlackTitle "IM"]
[WhiteElo "2624"]
[BlackElo "2438"]
[WhiteTeam "HQ Sima-land (Sverdlovsk region)"]
[BlackTeam "Ladia (Republic of Tatarstan)"]
[WhiteFideId "24125890"]
[BlackFideId "24103209"]
[EventDate "2019.05.01"]

1. Nf3 Nf6 2. c4 e6 3. g3 d5 4. Bg2 dxc4 5. Qa4+ c6 6. Qxc4 b5 7. Qc2 Bb7 8. a4
a6 9. Nc3 Nbd7 10. O-O Be7 11. d3 O-O 12. e4 Qb6 13. Be3 c5 14. h3 Rac8 15. Rfc1
Bc6 16. Nd2 Qb8 17. axb5 axb5 18. Nb3 h6 19. Qe2 Rfd8 20. Na5 Ba8 21. Rd1 Nf8
22. f4 Rd7 23. Bf2 Ra7 24. Nb3 Rxa1 25. Rxa1 N6d7 26. Bf3 c4 27. dxc4 bxc4 28.
Na5 Nb6 29. Bxb6 Qxb6+ 30. Kg2 Bb7 31. Nxb7 Qxb7 32. e5 Qb6 33. Ra4 Qb3 34. Ra7
Bc5 35. Rb7 Bb6 36. h4 Qb4 37. Ne4 Rc7 38. Rb8 Qa5 39. Bh5 Bc5 40. Nf6+ gxf6 41.
exf6 Kh7 42. Qg4 Qd2+ 43. Kh3 Ng6 44. Bxg6+ fxg6 45. Qxe6 Qd7 46. f5 Qxe6 47.
fxe6 Be7 48. fxe7 Rxe7 49. Rb6 Kg7 50. Kg4 Rc7 51. Kf4 c3 52. bxc3 Rxc3 53. e7
g5+ 54. Kf5 Kf7 55. Re6 Rc5+ 56. Kg4 Ke8 57. h5 Rc3 58. Rxh6 Kxe7 59. Rg6 1-0

[Event "TCh-RUS Premier 2019"]
[Site "Sochi RUS"]
[Date "2019.05.03"]
[Round "3.4"]
[Board "5"]
[White "Makhmutov, Rail"]
[Black "Predke, Alexandr"]
[Result "1/2-1/2"]
[WhiteTitle "IM"]
[BlackTitle "GM"]
[WhiteElo "2390"]
[BlackElo "2626"]
[WhiteTeam "Ladia (Republic of Tatarstan)"]
[BlackTeam "HQ Sima-land (Sverdlovsk region)"]
[WhiteFideId "4122151"]
[BlackFideId "24107581"]
[EventDate "2019.05.01"]

1. d4 Nf6 2. c4 e6 3. Nc3 Bb4 4. g3 d5 5. Bg2 O-O 6. Nf3 dxc4 7. O-O Nc6 8. Qa4
Bd7 9. Bg5 a5 10. Bxf6 Qxf6 11. Qb5 e5 12. dxe5 Qe6 13. Ng5 Qe7 14. Nf3 Bxc3 15.
bxc3 Bc8 16. Qxc4 Nxe5 17. Nxe5 Qxe5 18. Rfb1 c6 19. Bf3 Rd8 20. Qb3 Qc5 21. a4
Rb8 22. Rb2 Be6 23. Qb6 Qxc3 24. Rab1 g6 25. Qc7 Rdc8 26. Qf4 b5 27. axb5 cxb5
28. Rxb5 Rxb5 29. Rxb5 a4 30. Qxa4 Bd7 31. Qb4 Qa1+ 32. Kg2 Bxb5 33. Qxb5 Rc1
34. h4 h5 35. Bd5 Qf6 36. Qb8+ Kg7 37. Qb7 Rc2 38. Bf3 Qe5 39. Qd7 Rc7 40. Qa4
Rc1 41. Qd7 Rc7 42. Qd8 Qc3 43. Qb8 Rd7 44. Qb1 Ra7 45. Qb6 Ra1 46. Kh2 Rd1 47.
Bg2 Qd2 48. Bf3 Rc1 49. Kh3 Rf1 50. Bg2 Rg1 51. f4 Rd1 52. Bf3 Rc1 53. Qa7 Rf1
54. Qc5 Qe1 55. Qe5+ Kh7 56. Qd5 Kg8 57. Qd8+ Kg7 58. Qd4+ 1/2-1/2

[Event "TCh-RUS Premier 2019"]
[Site "Sochi RUS"]
[Date "2019.05.03"]
[Round "3.4"]
[Board "6"]
[White "Khismatullin, Denis"]
[Black "Toropov, Pavel"]
[Result "1-0"]
[WhiteTitle "GM"]
[BlackTitle "FM"]
[WhiteElo "2619"]
[BlackElo "2327"]
[WhiteTeam "HQ Sima-land (Sverdlovsk region)"]
[BlackTeam "Ladia (Republic of Tatarstan)"]
[WhiteFideId "4142578"]
[BlackFideId "24129178"]
[EventDate "2019.05.01"]

1. c4 c6 2. Nf3 d5 3. g3 Nf6 4. Bg2 Bg4 5. Ne5 Bf5 6. cxd5 cxd5 7. Nc3 Nc6 8.
Nxc6 bxc6 9. d3 e5 10. O-O Qd7 11. e4 Be6 12. Qc2 Rc8 13. b3 Bc5 14. Na4 Bd4 15.
Ba3 dxe4 16. dxe4 Bxa1 17. Rxa1 c5 18. Bxc5 Qc7 19. Qd2 Nd7 20. Ba3 Nb6 21. Nc5
Qd8 22. Qe2 Qe7 23. Qb5+ Nd7 24. Nxe6 Qxe6 25. Rd1 Qc6 26. Qb4 Qc5 27. Bh3 O-O
28. Bxd7 Qc2 29. Rc1 1-0

[Event "TCh-RUS Premier 2019"]
[Site "Sochi RUS"]
[Date "2019.05.03"]
[Round "3.5"]
[Board "1"]
[White "Bocharov, Ivan"]
[Black "Sjugirov, Sanan"]
[Result "0-1"]
[WhiteTitle "IM"]
[BlackTitle "GM"]
[WhiteElo "2568"]
[BlackElo "2661"]
[WhiteTeam "Siberia (Novosibirsk region)"]
[BlackTeam "Strazhi pravoporyadka (St. Petersburg)"]
[WhiteFideId "4180887"]
[BlackFideId "4189302"]
[EventDate "2019.05.01"]

1. e4 c5 2. Nf3 d6 3. d4 cxd4 4. Nxd4 Nf6 5. Nc3 a6 6. f3 e5 7. Nb3 Be6 8. Be3
h5 9. Nd5 Bxd5 10. exd5 Nbd7 11. Qd2 g6 12. Be2 Bg7 13. O-O b6 14. Rac1 O-O 15.
c4 Re8 16. h3 a5 17. Na1 Kh7 18. Nc2 Ng8 19. Na3 Bh6 20. f4 f5 21. Nb5 Nc5 22.
Bd3 Nf6 23. fxe5 Bxe3+ 24. Qxe3 Rxe5 25. Qd2 Nfe4 26. Bxe4 Nxe4 27. Qe3 Nc5 28.
Qa3 Qe7 29. Nd4 Re4 30. Nf3 Re8 31. h4 Kg7 32. b4 axb4 33. Qxb4 Re2 34. Qxb6
Qe3+ 35. Kh1 Qf4 36. Qc7+ R8e7 37. Qd8 Qg3 38. Rg1 Nd3 39. Rcf1 R2e4 40. Nh2 Kf7
41. Rf3 Rxh4 0-1

[Event "TCh-RUS Premier 2019"]
[Site "Sochi RUS"]
[Date "2019.05.03"]
[Round "3.5"]
[Board "2"]
[White "Alekseev, Evgeny"]
[Black "Khanin, Semen"]
[Result "0-1"]
[WhiteTitle "GM"]
[BlackTitle "IM"]
[WhiteElo "2647"]
[BlackElo "2524"]
[WhiteTeam "Strazhi pravoporyadka (St. Petersburg)"]
[BlackTeam "Siberia (Novosibirsk region)"]
[WhiteFideId "4138147"]
[BlackFideId "4111990"]
[EventDate "2019.05.01"]

1. e4 e5 2. Nf3 Nc6 3. Bb5 a6 4. Ba4 Nf6 5. d3 Bc5 6. c3 d6 7. O-O Ba7 8. Re1
O-O 9. h3 Ne7 10. Nbd2 Ng6 11. Nf1 d5 12. Bg5 h6 13. Bd2 dxe4 14. dxe4 Nh5 15.
Be3 Qf6 16. Bxa7 Rxa7 17. Ne3 c6 18. Nf5 b5 19. Bc2 Rd8 20. Qe2 Nhf4 21. Qf1 Be6
22. b3 Ne7 23. g3 Nfg6 24. Nxe7+ Rxe7 25. Re3 Red7 26. Kh2 c5 27. Rd1 c4 28. b4
Rxd1 29. Bxd1 Qe7 30. Bc2 a5 31. a3 axb4 32. axb4 Qf6 33. Kg2 h5 34. Qa1 h4 35.
Qa5 hxg3 36. fxg3 Nf8 37. Qxb5 Bxh3+ 38. Kg1 Qh6 39. Qc5 Rc8 40. Qa7 Rc7 0-1